[Event "World Youth & Cadets Rapid Championships"]
[Site "Rhodes, Greece"]
[Date "2022.05.01"]
[Round "3.17"]
[White "Yu, Rock"]
[Black "Korelskiy, Egor"]
[Result "1/2-1/2"]
[TimeControl "10'/game & 5\"/move"]
[WhiteElo "1426"]
[BlackElo "1822"]

1. c4 {[%clk 00:10:09]} e6 {[%clk 00:10:09]} {[%emt 00:00:02]} 2. Nc3 {[%clk
00:10:12]} {[%emt 00:00:01]} d5 {[%clk 00:10:13]} {[%emt 00:00:01]} 3. d4
{[%clk 00:10:16]} {[%emt 00:00:02]} c6 {[%clk 00:10:16]} {[%emt 00:00:01]} 4.
Nf3 {[%clk 00:10:16]} {[%emt 00:00:05]} dxc4 {[%clk 00:10:20]} {[%emt
00:00:02]} 5. e3 {[%clk 00:10:08]} {[%emt 00:00:12]} b5 {[%clk 00:10:23]}
{[%emt 00:00:02]} 6. a4 {[%clk 00:10:05]} {[%emt 00:00:08]} Bb4 {[%clk
00:10:27]} {[%emt 00:00:01]} 7. Ne5 {[%clk 00:09:57]} {[%emt 00:00:14]} Bb7
{[%clk 00:10:29]} {[%emt 00:00:03]} 8. Qf3 {[%clk 00:09:32]} {[%emt 00:00:30]}
Qe7 {[%clk 00:10:32]} {[%emt 00:00:02]} 9. Bd2 {[%clk 00:09:18]} {[%emt
00:00:18]} a6 {[%clk 00:10:33]} {[%emt 00:00:05]} 10. Qg4 {[%clk 00:08:54]}
{[%emt 00:00:28]} g6 {[%clk 00:09:44]} {[%emt 00:00:54]} 11. h4 {[%clk
00:07:59]} {[%emt 00:01:01]} h5 {[%clk 00:09:28]} {[%emt 00:00:20]} 12. Qe2
{[%clk 00:07:49]} {[%emt 00:00:15]} Nd7 {[%clk 00:09:21]} {[%emt 00:00:12]} 13.
Nxd7 {[%clk 00:07:40]} {[%emt 00:00:14]} Qxd7 {[%clk 00:09:24]} {[%emt
00:00:02]} 14. Ne4 {[%clk 00:07:33]} {[%emt 00:00:13]} Be7 {[%clk 00:09:07]}
{[%emt 00:00:22]} 15. Nc5 {[%clk 00:07:20]} {[%emt 00:00:17]} Bxc5 {[%clk
00:09:10]} {[%emt 00:00:02]} 16. dxc5 {[%clk 00:07:24]} {[%emt 00:00:02]} Qe7
{[%clk 00:09:09]} {[%emt 00:00:06]} 17. Bc3 {[%clk 00:07:15]} {[%emt 00:00:13]}
f6 {[%clk 00:08:43]} {[%emt 00:00:32]} 18. Qc2 {[%clk 00:07:13]} {[%emt
00:00:07]} Kf7 {[%clk 00:08:42]} {[%emt 00:00:06]} 19. b4 {[%clk 00:06:57]}
{[%emt 00:00:20]} Nh6 {[%clk 00:08:21]} {[%emt 00:00:26]} 20. Be2 {[%clk
00:06:51]} {[%emt 00:00:12]} Rhd8 {[%clk 00:08:19]} {[%emt 00:00:06]} 21. g4
{[%clk 00:06:31]} {[%emt 00:00:24]} e5 {[%clk 00:07:12]} {[%emt 00:01:12]} 22.
gxh5 {[%clk 00:06:30]} {[%emt 00:00:07]} Rg8 {[%clk 00:06:43]} {[%emt
00:00:34]} 23. hxg6+ {[%clk 00:06:31]} {[%emt 00:00:04]} Kg7 {[%clk 00:06:45]}
{[%emt 00:00:03]} 24. h5 {[%clk 00:06:21]} {[%emt 00:00:16]} Rgd8 {[%clk
00:06:39]} {[%emt 00:00:11]} 25. e4 {[%clk 00:06:17]} {[%emt 00:00:09]} Bc8
{[%clk 00:06:25]} {[%emt 00:00:18]} 26. Bd2 {[%clk 00:06:14]} {[%emt 00:00:07]}
Rh8 {[%clk 00:05:22]} {[%emt 00:01:09]} 27. O-O-O {[%clk 00:05:54]} {[%emt
00:00:25]} Be6 {[%clk 00:05:19]} {[%emt 00:00:08]} 28. a5 {[%clk 00:05:52]}
{[%emt 00:00:08]} Raf8 {[%clk 00:05:01]} {[%emt 00:00:22]} 29. Bxh6+ {[%clk
00:05:47]} {[%emt 00:00:09]} Rxh6 {[%clk 00:05:02]} {[%emt 00:00:04]} 30. Rd6
{[%clk 00:05:50]} {[%emt 00:00:03]} f5 {[%clk 00:05:03]} {[%emt 00:00:05]} 31.
Qc3 {[%clk 00:05:00]} {[%emt 00:00:55]} Bc8 {[%clk 00:04:55]} {[%emt 00:00:13]}
32. f4 {[%clk 00:04:51]} {[%emt 00:00:13]} fxe4 {[%clk 00:04:57]} {[%emt
00:00:04]} 33. fxe5 {[%clk 00:04:52]} {[%emt 00:00:04]} Be6 {[%clk 00:04:49]}
{[%emt 00:00:12]} 34. Qg3 {[%clk 00:04:23]} {[%emt 00:00:34]} c3 {[%clk
00:04:25]} {[%emt 00:00:30]} 35. Qxc3 {[%clk 00:04:10]} {[%emt 00:00:17]} Qg5+
{[%clk 00:04:18]} {[%emt 00:00:12]} 36. Qd2 {[%clk 00:04:02]} {[%emt 00:00:13]}
Qxe5 {[%clk 00:04:20]} {[%emt 00:00:04]} 37. Rd7+ {[%clk 00:03:44]} {[%emt
00:00:22]} Bxd7 {[%clk 00:04:16]} {[%emt 00:00:09]} 38. Qxd7+ {[%clk 00:03:47]}
{[%emt 00:00:02]} Kg8 {[%clk 00:04:18]} {[%emt 00:00:04]} 39. Rd1 {[%clk
00:03:10]} {[%emt 00:00:41]} Qc3+ {[%clk 00:03:58]} {[%emt 00:00:25]} 40. Kb1
{[%clk 00:03:07]} {[%emt 00:00:07]} Qxb4+ {[%clk 00:03:12]} {[%emt 00:00:52]}
41. Ka1 {[%clk 00:03:05]} {[%emt 00:00:07]} Qxa5+ {[%clk 00:02:40]} {[%emt
00:00:37]} 42. Kb1 {[%clk 00:03:09]} {[%emt 00:00:02]} Qb4+ {[%clk 00:02:44]}
{[%emt 00:00:01]} 43. Ka1 {[%clk 00:03:12]} {[%emt 00:00:01]} Qa3+ {[%clk
00:01:36]} {[%emt 00:01:14]} 1/2-1/2

[Event "World Youth & Cadets Rapid Championships"]
[Site "Rhodes, Greece"]
[Date "2022.05.01"]
[Round "3.18"]
[White "Marinidis, Stavros"]
[Black "Balint, Peter"]
[Result "0-1"]
[TimeControl "10'/game & 5\"/move"]
[WhiteElo "1333"]
[BlackElo "1721"]

1. e4 {[%clk 00:10:09]} e5 {[%clk 00:10:09]} {[%emt 00:00:01]} 2. Nf3 {[%clk
00:10:13]} {[%emt 00:00:01]} Nc6 {[%emt 00:00:02]} 3. Bb5 {[%clk 00:10:16]}
{[%emt 00:00:01]} a6 {[%clk 00:10:17]} {[%emt 00:00:02]} 4. Ba4 {[%clk
00:10:18]} {[%emt 00:00:03]} Nf6 {[%clk 00:10:21]} {[%emt 00:00:01]} 5. O-O
{[%clk 00:10:20]} {[%emt 00:00:03]} Be7 {[%clk 00:10:25]} {[%emt 00:00:01]} 6.
Re1 {[%clk 00:10:21]} {[%emt 00:00:04]} b5 {[%clk 00:10:29]} {[%emt 00:00:01]}
7. Bb3 {[%clk 00:10:25]} {[%emt 00:00:01]} O-O {[%clk 00:10:32]} {[%emt
00:00:02]} 8. c3 {[%clk 00:10:27]} {[%emt 00:00:03]} d5 {[%clk 00:10:36]} 9.
exd5 {[%clk 00:10:19]} {[%emt 00:00:13]} Nxd5 {[%clk 00:10:40]} {[%emt
00:00:01]} 10. d4 {[%clk 00:10:16]} {[%emt 00:00:08]} Na5 {[%clk 00:09:13]}
{[%emt 00:01:32]} 11. Nxe5 {[%clk 00:09:32]} {[%emt 00:00:49]} Nxb3 {[%clk
00:08:34]} {[%emt 00:00:44]} 12. Qxb3 {[%clk 00:09:33]} {[%emt 00:00:04]} Bb7
{[%clk 00:08:37]} {[%emt 00:00:02]} 13. a4 {[%clk 00:09:09]} {[%emt 00:00:29]}
b4 {[%clk 00:08:07]} {[%emt 00:00:35]} 14. c4 {[%clk 00:08:43]} {[%emt
00:00:31]} Nf6 {[%clk 00:08:06]} {[%emt 00:00:05]} 15. Be3 {[%clk 00:08:37]}
{[%emt 00:00:11]} c5 {[%clk 00:07:52]} {[%emt 00:00:20]} 16. dxc5 {[%clk
00:08:02]} {[%emt 00:00:40]} Qc7 {[%clk 00:07:22]} {[%emt 00:00:36]} 17. Bf4
{[%clk 00:06:14]} {[%emt 00:01:52]} Bxc5 {[%clk 00:06:49]} {[%emt 00:00:38]} 18.
Nd2 {[%clk 00:05:29]} {[%emt 00:00:50]} Ng4 {[%clk 00:06:41]} {[%emt 00:00:12]}
19. Nxg4 {[%clk 00:05:13]} {[%emt 00:00:21]} Qxf4 {[%clk 00:06:45]} {[%emt
00:00:03]} 20. Ne3 {[%clk 00:05:09]} {[%emt 00:00:08]} Qg5 {[%clk 00:06:06]}
{[%emt 00:00:43]} 21. g3 {[%clk 00:04:47]} {[%emt 00:00:28]} f5 {[%clk
00:05:53]} {[%emt 00:00:17]} 22. f4 {[%clk 00:03:59]} {[%emt 00:00:54]} Qf6
{[%clk 00:05:39]} {[%emt 00:00:19]} 23. Kf1 {[%clk 00:03:41]} {[%emt 00:00:23]}
Qh6 {[%clk 00:05:37]} {[%emt 00:00:08]} 24. Kg1 {[%clk 00:03:32]} {[%emt
00:00:10]} Qh3 {[%clk 00:05:38]} {[%emt 00:00:06]} 25. Ndf1 {[%clk 00:03:23]}
{[%emt 00:00:14]} Qg2# {[%clk 00:05:35]} {[%emt 00:00:02]} 0-1

[Event "World Youth & Cadets Rapid Championships"]
[Site "Rhodes, Greece"]
[Date "2022.05.01"]
[Round "3.19"]
[White "Moldovan, Lucas Gabriel"]
[Black "Erdogmus, Yagiz Kaan"]
[Result "0-1"]
[TimeControl "10'/game & 5\"/move"]
[WhiteElo "1607"]
[BlackElo "1442"]

1. e4 {[%clk 00:10:09]} c5 {[%clk 00:10:09]} {[%emt 00:00:01]} 2. Nc3 {[%clk
00:10:12]} {[%emt 00:00:02]} e6 {[%clk 00:10:13]} {[%emt 00:00:01]} 3. g3
{[%clk 00:10:16]} {[%emt 00:00:01]} d5 {[%clk 00:10:11]} {[%emt 00:00:08]} 4.
Bg2 {[%clk 00:10:13]} {[%emt 00:00:07]} d4 {[%clk 00:09:25]} {[%emt 00:00:52]}
5. Nce2 {[%clk 00:10:11]} {[%emt 00:00:06]} d3 {[%clk 00:09:10]} {[%emt
00:00:20]} 6. cxd3 {[%clk 00:10:14]} {[%emt 00:00:02]} Nc6 {[%clk 00:09:14]}
{[%emt 00:00:02]} 7. b3 {[%clk 00:09:32]} {[%emt 00:00:45]} e5 {[%clk
00:07:07]} {[%emt 00:02:13]} 8. Nf3 {[%clk 00:08:10]} {[%emt 00:01:27]} Qxd3
{[%clk 00:06:33]} {[%emt 00:00:40]} 9. O-O {[%clk 00:08:04]} {[%emt 00:00:11]}
Bg4 {[%clk 00:05:21]} {[%emt 00:01:17]} 10. Nc3 {[%clk 00:07:35]} {[%emt
00:00:34]} Qd7 {[%clk 00:03:56]} {[%emt 00:01:30]} 11. Nd5 {[%clk 00:06:52]}
{[%emt 00:00:48]} Bd6 {[%clk 00:03:21]} {[%emt 00:00:40]} 12. Qc2 {[%clk
00:06:24]} {[%emt 00:00:32]} f6 {[%clk 00:02:52]} {[%emt 00:00:34]} 13. Ba3
{[%clk 00:05:01]} {[%emt 00:01:29]} b6 {[%clk 00:02:33]} {[%emt 00:00:24]} 14.
Qc4 {[%clk 00:03:23]} {[%emt 00:01:42]} Nge7 {[%clk 00:02:02]} {[%emt
00:00:36]} 15. Ne1 {[%clk 00:02:04]} {[%emt 00:01:24]} Nd4 {[%clk 00:01:55]}
{[%emt 00:00:12]} 16. f3 {[%clk 00:01:44]} {[%emt 00:00:26]} Be6 {[%clk
00:01:48]} {[%emt 00:00:12]} 17. Nc2 {[%clk 00:00:50]} {[%emt 00:00:59]} b5
{[%clk 00:01:35]} {[%emt 00:00:18]} 18. Qd3 {[%clk 00:00:37]} {[%emt 00:00:18]}
c4 {[%clk 00:01:22]} {[%emt 00:00:17]} 19. bxc4 {[%clk 00:00:31]} {[%emt
00:00:11]} bxc4 {[%clk 00:01:26]} 20. Qxc4 {[%clk 00:00:27]} {[%emt 00:00:10]}
Rc8 {[%clk 00:01:09]} {[%emt 00:00:22]} 21. Qxc8+ {[%emt 00:00:26]} Nxc8 {[%clk
00:01:06]} {[%emt 00:00:06]} 22. Nxd4 {[%clk 00:00:09]} {[%emt 00:00:04]} exd4
{[%clk 00:01:03]} {[%emt 00:00:07]} 23. Bxd6 {[%clk 00:00:11]} {[%emt
00:00:03]} Nxd6 {[%clk 00:01:06]} {[%emt 00:00:03]} 24. Rab1 {[%clk 00:00:12]}
{[%emt 00:00:02]} O-O {[%clk 00:01:05]} {[%emt 00:00:07]} 25. Nf4 {[%emt
00:00:05]} Bxa2 {[%clk 00:01:08]} 26. Rb2 {[%clk 00:00:16]} {[%emt 00:00:03]}
Bf7 {[%clk 00:01:12]} {[%emt 00:00:02]} 27. Rfb1 {[%clk 00:00:20]} a5 {[%clk
00:01:16]} 28. Ra2 {[%clk 00:00:07]} {[%emt 00:00:19]} Bxa2 {[%clk 00:01:19]}
{[%emt 00:00:01]} 0-1

[Event "World Youth & Cadets Rapid Championships"]
[Site "Rhodes, Greece"]
[Date "2022.05.01"]
[Round "3.20"]
[White "Niezhentsev, Kyrylo"]
[Black "Ochedzan, Filip"]
[Result "0-1"]
[TimeControl "10'/game & 5\"/move"]
[WhiteElo "1803"]
[BlackElo "1407"]

1. e4 {[%clk 00:10:06]} {[%emt 00:00:04]} c5 {[%clk 00:10:08]} {[%emt
00:00:02]} 2. Nf3 {[%clk 00:10:09]} {[%emt 00:00:02]} d6 {[%clk 00:10:08]}
{[%emt 00:00:05]} 3. d4 {[%clk 00:10:13]} {[%emt 00:00:01]} cxd4 {[%clk
00:10:12]} {[%emt 00:00:02]} 4. Nxd4 {[%clk 00:10:16]} Nf6 {[%clk 00:10:14]}
{[%emt 00:00:03]} 5. f3 {[%clk 00:10:21]} {[%emt 00:00:01]} e5 {[%clk
00:10:15]} {[%emt 00:00:04]} 6. Nb3 {[%clk 00:10:23]} {[%emt 00:00:02]} Be6
{[%clk 00:10:16]} {[%emt 00:00:04]} 7. c4 {[%clk 00:09:34]} {[%emt 00:00:54]}
Qc7 {[%clk 00:10:14]} {[%emt 00:00:07]} 8. Na3 {[%clk 00:08:17]} {[%emt
00:01:22]} a6 {[%clk 00:10:06]} {[%emt 00:00:13]} 9. Be3 {[%clk 00:08:00]}
{[%emt 00:00:21]} Nbd7 {[%clk 00:09:51]} {[%emt 00:00:20]} 10. Be2 {[%clk
00:07:49]} {[%emt 00:00:16]} Be7 {[%clk 00:09:31]} {[%emt 00:00:26]} 11. O-O
{[%clk 00:07:22]} {[%emt 00:00:32]} O-O {[%clk 00:09:25]} {[%emt 00:00:11]} 12.
Rc1 {[%clk 00:07:15]} {[%emt 00:00:12]} Nc5 {[%clk 00:09:17]} {[%emt 00:00:13]}
13. Nd2 {[%clk 00:06:30]} {[%emt 00:00:50]} a5 {[%clk 00:08:56]} {[%emt
00:00:27]} 14. Nb5 {[%clk 00:06:28]} {[%emt 00:00:06]} Qc6 {[%clk 00:08:49]}
{[%emt 00:00:10]} 15. Nb1 {[%clk 00:05:46]} {[%emt 00:00:49]} Ne8 {[%clk
00:07:01]} {[%emt 00:01:53]} 16. N1c3 {[%clk 00:05:29]} {[%emt 00:00:22]} f5
{[%clk 00:05:51]} {[%emt 00:01:16]} 17. Nd5 {[%clk 00:02:47]} {[%emt 00:02:46]}
Bd8 {[%clk 00:05:22]} {[%emt 00:00:34]} 18. Qc2 {[%clk 00:02:13]} {[%emt
00:00:40]} f4 {[%clk 00:05:04]} {[%emt 00:00:22]} 19. Bf2 {[%clk 00:02:13]}
{[%emt 00:00:05]} g5 {[%clk 00:04:41]} {[%emt 00:00:28]} 20. Rfd1 {[%clk
00:01:29]} {[%emt 00:00:49]} b6 {[%clk 00:03:06]} {[%emt 00:01:40]} 21. Rd2
{[%clk 00:00:42]} {[%emt 00:00:52]} Qd7 {[%clk 00:02:25]} {[%emt 00:00:44]} 22.
Rcd1 {[%clk 00:00:29]} {[%emt 00:00:20]} Qf7 {[%clk 00:01:38]} {[%emt
00:00:52]} 23. b3 {[%clk 00:00:17]} {[%emt 00:00:17]} h5 {[%clk 00:01:26]}
{[%emt 00:00:17]} 24. h3 {[%clk 00:00:16]} {[%emt 00:00:06]} Kh8 {[%clk
00:01:24]} {[%emt 00:00:07]} 25. Ndc3 {[%clk 00:00:15]} {[%emt 00:00:07]} Be7
{[%clk 00:01:16]} {[%emt 00:00:12]} 26. a3 {[%clk 00:00:16]} {[%emt 00:00:05]}
Rg8 {[%clk 00:00:45]} {[%emt 00:00:35]} 27. b4 {[%clk 00:00:12]} {[%emt
00:00:09]} axb4 {[%clk 00:00:49]} {[%emt 00:00:01]} 28. axb4 {[%clk 00:00:16]}
{[%emt 00:00:01]} Nd7 {[%clk 00:00:51]} {[%emt 00:00:04]} 29. Na4 {[%clk
00:00:12]} {[%emt 00:00:09]} Rb8 {[%clk 00:00:25]} {[%emt 00:00:30]} 30. Na7
{[%clk 00:00:08]} {[%emt 00:00:09]} g4 {[%clk 00:00:20]} {[%emt 00:00:10]} 31.
hxg4 {[%clk 00:00:07]} {[%emt 00:00:06]} hxg4 {[%clk 00:00:24]} {[%emt
00:00:01]} 32. fxg4 {[%clk 00:00:09]} {[%emt 00:00:04]} Bxg4 {[%clk 00:00:27]}
{[%emt 00:00:01]} 33. Bxg4 {[%clk 00:00:12]} {[%emt 00:00:02]} Rxg4 {[%clk
00:00:31]} {[%emt 00:00:01]} 34. Nc6 {[%clk 00:00:13]} {[%emt 00:00:04]} Rb7
{[%clk 00:00:17]} {[%emt 00:00:19]} 35. Nxe7 {[%clk 00:00:16]} {[%emt
00:00:03]} Qxe7 {[%clk 00:00:20]} {[%emt 00:00:01]} 36. Nc3 {[%clk 00:00:16]}
{[%emt 00:00:05]} Qg5 {[%clk 00:00:20]} {[%emt 00:00:05]} 37. Be1 {[%clk
00:00:14]} {[%emt 00:00:07]} Ndf6 {[%clk 00:00:10]} {[%emt 00:00:15]} 38. Nb5
{[%clk 00:00:07]} {[%emt 00:00:12]} Rg7 {[%clk 00:00:07]} {[%emt 00:00:08]} 39.
Rf2 {[%clk 00:00:07]} {[%emt 00:00:05]} f3 {[%clk 00:00:09]} {[%emt 00:00:04]}
40. Rdd2 {[%clk 00:00:09]} {[%emt 00:00:03]} fxg2 {[%clk 00:00:07]} {[%emt
00:00:06]} 41. Nxd6 {[%clk 00:00:08]} {[%emt 00:00:06]} Nxd6 {[%clk 00:00:11]}
{[%emt 00:00:01]} 42. Rxd6 {[%clk 00:00:12]} Qh5 {[%clk 00:00:06]} {[%emt
00:00:10]} 43. Rxg2 {[%clk 00:00:07]} {[%emt 00:00:11]} Rxg2+ {[%clk 00:00:10]}
44. Qxg2 {[%clk 00:00:10]} {[%emt 00:00:02]} Rxg2+ {[%clk 00:00:14]} {[%emt
00:00:01]} 45. Kxg2 {[%clk 00:00:14]} {[%emt 00:00:01]} Qe2+ {[%clk 00:00:14]}
{[%emt 00:00:05]} 46. Bf2 {[%clk 00:00:14]} {[%emt 00:00:05]} Nxe4 {[%clk
00:00:18]} {[%emt 00:00:02]} 47. Rd8+ {[%clk 00:00:14]} {[%emt 00:00:04]} Kg7
{[%clk 00:00:21]} {[%emt 00:00:02]} 0-1

[Event "World Youth & Cadets Rapid Championships"]
[Site "Rhodes, Greece"]
[Date "2022.05.01"]
[Round "3.21"]
[White "Beniosev, Daniel"]
[Black "Mansurov, Yusuf"]
[Result "1-0"]
[TimeControl "10'/game & 5\"/move"]
[WhiteElo "1427"]
[BlackElo "1848"]

1. e4 {[%clk 00:10:06]} {[%emt 00:00:03]} c6 {[%clk 00:10:08]} {[%emt
00:00:03]} 2. d4 {[%clk 00:10:08]} {[%emt 00:00:02]} d5 {[%clk 00:10:12]}
{[%emt 00:00:02]} 3. exd5 {[%clk 00:10:07]} {[%emt 00:00:05]} cxd5 {[%clk
00:10:16]} {[%emt 00:00:02]} 4. Bd3 {[%clk 00:10:08]} {[%emt 00:00:03]} Nf6
{[%clk 00:10:19]} {[%emt 00:00:02]} 5. c3 {[%clk 00:10:08]} {[%emt 00:00:05]}
Nc6 {[%clk 00:10:18]} {[%emt 00:00:06]} 6. Bf4 {[%clk 00:10:08]} {[%emt
00:00:05]} g6 {[%clk 00:10:17]} {[%emt 00:00:07]} 7. Nf3 {[%clk 00:09:57]}
{[%emt 00:00:15]} Bg7 {[%clk 00:10:19]} {[%emt 00:00:02]} 8. Nbd2 {[%clk
00:09:52]} {[%emt 00:00:11]} O-O {[%clk 00:10:19]} {[%emt 00:00:05]} 9. h4
{[%clk 00:09:53]} {[%emt 00:00:04]} h5 {[%clk 00:09:59]} {[%emt 00:00:24]} 10.
Ng5 {[%clk 00:09:52]} {[%emt 00:00:07]} Re8 {[%clk 00:09:18]} {[%emt 00:00:46]}
11. Ndf3 {[%clk 00:09:36]} {[%emt 00:00:20]} Bg4 {[%clk 00:09:10]} {[%emt
00:00:13]} 12. Qc2 {[%clk 00:09:25]} {[%emt 00:00:15]} e5 {[%clk 00:07:16]}
{[%emt 00:02:01]} 13. dxe5 {[%clk 00:09:08]} {[%emt 00:00:21]} Nd7 {[%clk
00:07:14]} {[%emt 00:00:07]} 14. O-O-O {[%clk 00:09:09]} {[%emt 00:00:03]}
Ndxe5 {[%clk 00:06:27]} {[%emt 00:00:52]} 15. Nxe5 {[%clk 00:07:42]} {[%emt
00:01:33]} Bxe5 {[%clk 00:05:36]} {[%emt 00:00:56]} 16. Bxe5 {[%clk 00:07:20]}
{[%emt 00:00:28]} Bxd1 {[%clk 00:05:34]} {[%emt 00:00:06]} 17. Rxd1 {[%clk
00:07:14]} {[%emt 00:00:10]} Nxe5 {[%clk 00:05:34]} {[%emt 00:00:06]} 18. Be4
{[%clk 00:07:13]} {[%emt 00:00:07]} Qf6 {[%clk 00:04:45]} {[%emt 00:00:53]} 19.
Bxd5 {[%clk 00:06:15]} {[%emt 00:01:03]} Rad8 {[%clk 00:02:56]} {[%emt
00:01:54]} 20. g3 {[%clk 00:05:48]} {[%emt 00:00:32]} Re7 {[%clk 00:02:01]}
{[%emt 00:01:00]} 21. f4 {[%clk 00:05:45]} {[%emt 00:00:08]} Nd7 {[%clk
00:01:11]} {[%emt 00:00:56]} 22. Bxb7 {[%clk 00:05:35]} {[%emt 00:00:15]} Kg7
{[%clk 00:00:39]} {[%emt 00:00:36]} 23. Be4 {[%clk 00:04:55]} {[%emt 00:00:44]}
Rde8 {[%clk 00:00:34]} {[%emt 00:00:11]} 24. Bd3 {[%clk 00:04:45]} {[%emt
00:00:15]} Nc5 {[%clk 00:00:32]} {[%emt 00:00:08]} 25. Bc4 {[%clk 00:04:38]}
{[%emt 00:00:11]} Ne4 {[%clk 00:00:26]} {[%emt 00:00:12]} 26. Nxe4 {[%clk
00:03:55]} {[%emt 00:00:48]} Rxe4 {[%clk 00:00:29]} {[%emt 00:00:02]} 27. Bd5
{[%clk 00:03:47]} {[%emt 00:00:13]} Re2 {[%clk 00:00:29]} {[%emt 00:00:06]} 28.
Qb3 {[%clk 00:03:42]} {[%emt 00:00:09]} Qf5 {[%clk 00:00:24]} {[%emt 00:00:11]}
29. Bc6 {[%clk 00:02:25]} {[%emt 00:01:22]} R8e7 {[%clk 00:00:23]} {[%emt
00:00:05]} 30. Bb5 {[%clk 00:02:09]} {[%emt 00:00:20]} Rf2 {[%clk 00:00:22]}
{[%emt 00:00:07]} 31. Bd3 {[%clk 00:02:04]} {[%emt 00:00:11]} Qc5 {[%clk
00:00:24]} {[%emt 00:00:03]} 32. Qc4 {[%clk 00:01:29]} {[%emt 00:00:39]} Qe3+
{[%clk 00:00:27]} {[%emt 00:00:03]} 33. Kb1 {[%clk 00:01:29]} {[%emt 00:00:04]}
Qe1 {[%clk 00:00:14]} {[%emt 00:00:19]} 34. Bc2 {[%clk 00:01:14]} {[%emt
00:00:20]} Rd2 {[%clk 00:00:14]} {[%emt 00:00:05]} 35. Rc1 {[%clk 00:01:11]}
{[%emt 00:01:24]} Qe3 {[%clk 00:00:08]} 36. Qb4 {[%clk 00:00:38]} {[%emt
00:01:15]} Red7 {[%clk 00:00:10]} {[%emt 00:00:04]} 37. Qb5 {[%clk 00:00:16]}
{[%emt 00:00:28]} Qxg3 {[%clk 00:00:11]} {[%emt 00:00:03]} 38. Qe5+ {[%clk
00:00:19]} {[%emt 00:00:02]} Kh6 {[%clk 00:00:07]} {[%emt 00:00:05]} 39. Qh8#
{[%clk 00:00:17]} {[%emt 00:00:06]} 1-0

[Event "World Youth & Cadets Rapid Championships"]
[Site "Rhodes, Greece"]
[Date "2022.05.01"]
[Round "3.22"]
[White "Negrean, Andrei"]
[Black "Przybys, Bruno"]
[Result "1-0"]
[TimeControl "10'/game & 5\"/move"]
[WhiteElo "1806"]
[BlackElo "1330"]

1. d4 {[%clk 00:10:05]} {[%emt 00:00:05]} d5 {[%clk 00:10:10]} 2. c4 {[%clk
00:10:09]} {[%emt 00:00:02]} c6 {[%clk 00:10:14]} 3. cxd5 {[%clk 00:10:10]}
{[%emt 00:00:03]} cxd5 {[%clk 00:10:18]} 4. Bf4 {[%clk 00:10:10]} {[%emt
00:00:05]} Nf6 {[%clk 00:10:20]} {[%emt 00:00:03]} 5. Nc3 {[%clk 00:10:05]}
{[%emt 00:00:09]} Bf5 {[%clk 00:10:15]} {[%emt 00:00:10]} 6. Qb3 {[%clk
00:08:23]} {[%emt 00:01:47]} Nc6 {[%clk 00:08:43]} {[%emt 00:01:37]} 7. e3
{[%clk 00:07:20]} {[%emt 00:01:08]} Qd7 {[%clk 00:07:59]} {[%emt 00:00:50]} 8.
Nf3 {[%clk 00:06:41]} {[%emt 00:00:44]} a6 {[%clk 00:07:04]} {[%emt 00:01:00]}
9. Ne5 {[%clk 00:05:40]} {[%emt 00:01:05]} Nxe5 {[%clk 00:04:21]} {[%emt
00:02:48]} 10. dxe5 {[%clk 00:05:20]} {[%emt 00:00:25]} Ne4 {[%clk 00:04:25]}
{[%emt 00:00:01]} 11. Qxd5 {[%clk 00:04:05]} {[%emt 00:01:20]} Nxc3 {[%clk
00:04:09]} {[%emt 00:00:22]} 12. Qxd7+ {[%clk 00:04:07]} {[%emt 00:00:03]} Kxd7
{[%clk 00:04:12]} {[%emt 00:00:02]} 13. bxc3 {[%clk 00:04:10]} {[%emt
00:00:02]} Rc8 {[%clk 00:04:16]} {[%emt 00:00:01]} 14. O-O-O+ {[%clk 00:02:22]}
{[%emt 00:01:53]} Ke8 {[%clk 00:04:17]} {[%emt 00:00:03]} 15. Kb2 {[%clk
00:02:07]} {[%emt 00:00:21]} e6 {[%clk 00:04:21]} {[%emt 00:00:01]} 16. f3
{[%clk 00:01:14]} {[%emt 00:00:57]} Bc5 {[%clk 00:04:14]} {[%emt 00:00:12]} 17.
e4 {[%clk 00:01:11]} {[%emt 00:00:08]} Bg6 {[%clk 00:04:18]} 18. Bd3 {[%clk
00:00:42]} {[%emt 00:00:34]} Ke7 {[%clk 00:04:17]} {[%emt 00:00:06]} 19. Bc2
{[%clk 00:00:40]} {[%emt 00:00:08]} Rc6 {[%emt 00:00:05]} 20. Rd3 {[%clk
00:00:27]} {[%emt 00:00:17]} Rb6+ {[%clk 00:04:08]} {[%emt 00:00:16]} 21. Bb3
{[%clk 00:00:25]} {[%emt 00:00:07]} a5 {[%clk 00:04:10]} {[%emt 00:00:03]} 22.
a4 {[%clk 00:00:26]} {[%emt 00:00:04]} Rc8 {[%clk 00:04:01]} {[%emt 00:00:14]}
23. Rhd1 {[%clk 00:00:25]} {[%emt 00:00:06]} Rc7 {[%clk 00:04:06]} 24. g4
{[%clk 00:00:10]} {[%emt 00:00:19]} h6 {[%clk 00:04:07]} {[%emt 00:00:05]} 25.
h4 {[%clk 00:00:12]} {[%emt 00:00:02]} Ra6 {[%clk 00:04:06]} {[%emt 00:00:06]}
26. h5 {[%clk 00:00:12]} {[%emt 00:00:05]} Bh7 {[%clk 00:04:09]} {[%emt
00:00:02]} 27. Rd8 {[%clk 00:00:13]} {[%emt 00:00:04]} g5 {[%clk 00:04:10]}
{[%emt 00:00:04]} 28. Bg3 {[%clk 00:00:11]} {[%emt 00:00:07]} b5 {[%clk
00:04:01]} {[%emt 00:00:14]} 29. Rh8 {[%clk 00:00:10]} {[%emt 00:00:06]} bxa4
{[%clk 00:04:03]} {[%emt 00:00:03]} 30. Bxa4 {[%clk 00:00:14]} Rb6+ {[%clk
00:04:08]} 31. Ka2 {[%clk 00:00:08]} {[%emt 00:00:11]} Rcb7 {[%clk 00:02:13]}
{[%emt 00:01:59]} 32. Re8# {[%clk 00:00:11]} {[%emt 00:00:02]} 1-0